000 00414nam a2200133Ia 4500
008 220216s9999 xx 000 0 und d
100 _aLalithambika J.
245 0 _aRecent developments in rubber goods manufacturing industry in natural rubber producing countries
260 _bRubber Chem Review
_c1993
300 _a21-26
650 _aRubber goods industry
650 _aRubber producing country
942 _cBS
999 _c51162
_d51162